000 00324nam a22001337a 4500
008 170927b xxu||||| |||| 00| 0 eng d
020 _a9780130196187
041 _aeng
080 _26TH
_a37
100 _a47
101 _aEDU
245 _aMULTICULTURAL EDUCATION IN A PLURALISTIC SOCIETY
_cGOLLNICK,D.M
942 _2udc
_cBK
999 _c30211
_d30211